[Event "Montpellier II-Vitrolles"]
[Site "L'Isle sur la Sorgue"]
[Date "2008.01.19"]
[Round "5.5"]
[White "Ouakhir, Mehdi"]
[Black "Montagard, Guillaume"]
[Result "1-0"]
[WhiteElo "2228"]
[BlackElo "2225"]
[PlyCount "77"]
[EventDate "2008.01.19"]

1. d4 Nf6 2. c4 c6 3. Nc3 d5 4. e3 a6 5. Qc2 b5 6. b3 Bg4 7. Bd3 e6 8. Nge2
Bxe2 9. Bxe2 Be7 10. O-O O-O 11. Rd1 Nbd7 12. Bf3 bxc4 13. bxc4 Rb8 14. e4 dxc4
15. Bf4 Rb4 16. d5 cxd5 17. exd5 e5 18. Bc1 Bc5 19. Na4 Qa5 20. Nxc5 Qxc5 21.
Ba3 a5 22. Rac1 Rc8 23. d6 Nb6 24. h4 Rd8 25. Be2 c3 26. Bxb4 axb4 27. a3 Rxd6
28. axb4 Qxb4 29. Rxd6 Qxd6 30. Qxc3 g6 31. Rd1 Nfd5 32. Qd2 Qe7 33. h5 gxh5
34. Qa5 Nf4 35. Bf1 Qf6 36. g3 Ng6 37. Qc5 Na4 38. Qb4 Qc6 39. Bb5 1-0

[Event "Montpellier II-Vitrolles"]
[Site "L'Isle sur la Sorgue"]
[Date "2008.01.19"]
[Round "5.6"]
[White "Peray, Sebastien"]
[Black "Flear, Christine"]
[Result "1-0"]
[WhiteElo "2167"]
[BlackElo "2161"]
[PlyCount "45"]
[EventDate "2008.01.19"]

1. e4 c5 2. Nf3 e6 3. c3 Nf6 4. Bd3 Nc6 5. O-O g6 6. Re1 Bg7 7. Bf1 O-O 8. d4
cxd4 9. cxd4 d6 10. Nc3 e5 11. d5 Ne7 12. Nd2 Ne8 13. Nc4 f5 14. Qb3 Kh8 15.
Qa3 fxe4 16. Be3 Nf5 17. Nxe4 Nxe3 18. Rxe3 Rf4 19. g3 Rxe4 20. Rxe4 Nf6 21.
Nxd6 Qc7 22. Rc4 Qe7 23. Rac1 1-0

[Event "Montpellier II-Vitrolles"]
[Site "L'Isle sur la Sorgue"]
[Date "2008.01.19"]
[Round "5.7"]
[White "Dussol, Pierre"]
[Black "Cherki, Thomas"]
[Result "1-0"]
[WhiteElo "2203"]
[BlackElo "2227"]
[PlyCount "65"]
[EventDate "2008.01.19"]

1. e4 Nf6 2. e5 Nd5 3. d4 d6 4. c4 Nb6 5. exd6 exd6 6. Nc3 Be7 7. Be2 O-O 8. h3
Bf6 9. Nf3 Re8 10. O-O Nc6 11. Be3 Bf5 12. b3 d5 13. c5 Nc8 14. Qd2 Be4 15. b4
N6e7 16. Rad1 Nf5 17. Nxe4 dxe4 18. Ne5 Nce7 19. Qc2 Nd5 20. Bc4 Bxe5 21. dxe5
Nfxe3 22. fxe3 Rxe5 23. Qb2 Qg5 24. h4 Qh5 25. Be2 Qxh4 26. Qxe5 Nxe3 27. Rxf7
Kxf7 28. Rd7+ Kg6 29. Rxg7+ Kh6 30. g3 Qd8 31. Re7 Kg6 32. Qg7+ Kf5 33. Re5#
1-0

[Event "Montpellier II-Vitrolles"]
[Site "L'Isle sur la Sorgue"]
[Date "2008.01.19"]
[Round "5.8"]
[White "Estevez, Dorothee"]
[Black "Buscara, Sevan"]
[Result "0-1"]
[WhiteElo "1850"]
[BlackElo "2126"]
[PlyCount "56"]
[EventDate "2008.01.19"]

1. d4 d5 2. c4 c6 3. Nf3 Nf6 4. e3 Bg4 5. Qc2 Nbd7 6. Bd3 e6 7. Nbd2 Bd6 8. O-O
O-O 9. e4 dxe4 10. Nxe4 Nxe4 11. Bxe4 f5 12. Bd3 Bxf3 13. gxf3 Qh4 14. f4 Qg4+
15. Kh1 Qf3+ 16. Kg1 Rf6 17. Rd1 Rg6+ 18. Kf1 Nf6 19. c5 Bc7 20. a3 Ng4 21. Ke1
Nxh2 22. Be3 Bxf4 23. Qe2 Qd5 24. Rdc1 Nf3+ 25. Kd1 Bxe3 26. Qxe3 Rg1+ 27. Ke2
Nxd4+ 28. Kd2 Nb3+ 0-1

[Event "Montpellier Diagonale-Monaco"]
[Site "L'Isle sur la Sorgue"]
[Date "2008.01.19"]
[Round "5.1"]
[White "Bertrand, Frederic"]
[Black "Efimov, Igor"]
[Result "1-0"]
[WhiteElo "2278"]
[BlackElo "2468"]
[PlyCount "81"]
[EventDate "2008.01.19"]

1. d4 e6 2. c4 c5 3. d5 exd5 4. cxd5 d6 5. Nc3 Be7 6. e4 Bf6 7. Bd3 Ne7 8. Nge2
Ng6 9. Ng3 O-O 10. O-O Re8 11. f4 Nd7 12. Nb5 Qb6 13. Nf5 c4+ 14. Be3 Qxb5 15.
Nxd6 Qa6 16. Nxe8 cxd3 17. Nc7 Qc4 18. Nxa8 Bxb2 19. Rc1 Bxc1 20. Qxc1 Qxe4 21.
Qxc8+ Ndf8 22. Qh3 Qxd5 23. Qf3 Qxa2 24. Qxb7 a5 25. Nb6 Nh4 26. Bf2 Nhg6 27.
g3 Qe2 28. Qd5 h5 29. Nc4 Ne6 30. Re1 Qg4 31. Ne3 Qh3 32. Qf5 Ngxf4 33. gxf4
Qf3 34. Qd5 Qxf4 35. Ng2 Qg4 36. Qa8+ Kh7 37. Qe4+ Qxe4 38. Rxe4 d2 39. Ne3 Ng5
40. Ra4 f5 41. Rxa5 1-0

[Event "Montpellier Diagonale-Monaco"]
[Site "L'Isle sur la Sorgue"]
[Date "2008.01.19"]
[Round "5.2"]
[White "Rombaldoni, Denis"]
[Black "Palleja, Xavier"]
[Result "1-0"]
[WhiteElo "2404"]
[BlackElo "2269"]
[PlyCount "81"]
[EventDate "2008.01.19"]

1. d4 e6 2. c4 c5 3. d5 exd5 4. cxd5 d6 5. Nc3 g6 6. Nf3 Bg7 7. Qc2 Nf6 8. e4
O-O 9. Be2 a6 10. a4 Bg4 11. h3 Bxf3 12. Bxf3 Nbd7 13. Bf4 Qe7 14. O-O h5 15.
a5 Nh7 16. Qd2 Ne5 17. Be2 f5 18. Rae1 Qf6 19. Bxe5 dxe5 20. exf5 gxf5 21. Bxh5
Qh4 22. Bd1 Rad8 23. Bb3 Rd6 24. Na4 Ng5 25. Qd3 f4 26. Re4 Qh7 27. Nxc5 f3 28.
Rg4 e4 29. Nxe4 fxg2 30. Kxg2 Rf3 31. Qxf3 Nxf3 32. Nxd6 Ne5 33. Rg3 Kh8 34.
Re1 Qh4 35. Nf7+ Nxf7 36. Re8+ Kh7 37. Bc2+ Kh6 38. Re6+ Bf6 39. Rg6+ Kh5 40.
Rexf6 Qd4 41. Rf5+ 1-0

[Event "Montpellier Diagonale-Monaco"]
[Site "L'Isle sur la Sorgue"]
[Date "2008.01.19"]
[Round "5.3"]
[White "Vaklinov, Vasil"]
[Black "Roussiere, Christophe"]
[Result "1-0"]
[WhiteElo "2172"]
[BlackElo "2127"]
[PlyCount "63"]
[EventDate "2008.01.19"]

1. c4 e5 2. Nc3 Nf6 3. g3 Nc6 4. Bg2 Bb4 5. Nd5 Bc5 6. e3 d6 7. Ne2 O-O 8. O-O
a6 9. d4 Ba7 10. h3 Re8 11. b3 Bf5 12. Bb2 e4 13. Nxf6+ Qxf6 14. a3 Qh6 15. g4
Bd7 16. Ng3 Qg6 17. d5 Nd8 18. Kh2 f6 19. Qc2 Qh6 20. Nh5 Qg6 21. Nf4 Qh6 22.
Bxe4 Nf7 23. Bf5 Bxf5 24. Qxf5 Ng5 25. Kg2 Qh4 26. Rad1 Re4 27. Rh1 Bxe3 28.
Nd3 Rf4 29. Qxf4 Bxf4 30. Nxf4 Re8 31. Bd4 Kf7 32. Be3 {suite illisible} 1-0

[Event "Montpellier Diagonale-Monaco"]
[Site "L'Isle sur la Sorgue"]
[Date "2008.01.19"]
[Round "5.4"]
[White "Van Hoolandt, Patrick"]
[Black "Guerin, Gilles"]
[Result "0-1"]
[WhiteElo "2216"]
[BlackElo "2231"]
[PlyCount "110"]
[EventDate "2008.01.19"]

1. d4 Nf6 2. c4 d6 3. Nc3 Nbd7 4. Nf3 e5 5. e4 Be7 6. Be2 O-O 7. O-O h6 8. Qc2
Re8 9. Re1 Bf8 10. Bf1 g6 11. d5 a5 12. Rb1 Nc5 13. h3 Nh5 14. g3 f5 15. Nh4
Qf6 16. exf5 gxf5 17. Qd1 Qf7 18. Be2 Nf6 19. f4 e4 20. Be3 Bd7 21. Kh2 Bg7 22.
Rg1 Kh8 23. Qd2 h5 24. b3 Nh7 25. Nb5 Bxb5 26. cxb5 Rg8 27. Qd1 Nf6 28. Bc4
Nfd7 29. Rc1 Kh7 30. Be2 Nf6 31. Nxf5 Nxd5 32. Bc4 Qxf5 33. Bxd5 Rgd8 34. g4
Qf6 35. g5 Qg6 36. f5 Be5+ 37. Kh1 Qe8 38. g6+ Kg7 39. Qxh5 Qh8 40. Qg4 c6 41.
bxc6 bxc6 42. Bxc6 Rac8 43. Bd5 Bf6 44. Rcd1 Nd3 45. Bxe4 Ne5 46. Qg2 Rc3 47.
Rge1 Qh4 48. Kg1 d5 49. Bf2 Qh5 50. Bg3 dxe4 51. Rxd8 Nf3+ 52. Kf1 Bxd8 53.
Rxe4 Qxf5 54. Re8 Rc1+ 55. Ke2 Rc2+ 0-1

[Event "Montpellier Diagonale-Monaco"]
[Site "L'Isle sur la Sorgue"]
[Date "2008.01.19"]
[Round "5.5"]
[White "Bouguerra, Tayeb"]
[Black "Lebel, Patrick"]
[Result "1/2-1/2"]
[WhiteElo "2002"]
[BlackElo "2177"]
[PlyCount "34"]
[EventDate "2008.01.19"]

1. d4 Nf6 2. Nc3 d5 3. Nf3 Bf5 4. Bg5 e6 5. a3 Be7 6. e3 Nbd7 7. Bd3 Bxd3 8.
cxd3 O-O 9. O-O c5 10. dxc5 Nxc5 11. b4 Ncd7 12. Rc1 Rc8 13. Qb3 h6 14. Bh4 Nh5
15. Bxe7 Qxe7 16. Qb2 Nhf6 17. Rc2 e5 {suite illisible} 1/2-1/2

[Event "Montpellier Diagonale-Monaco"]
[Site "L'Isle sur la Sorgue"]
[Date "2008.01.19"]
[Round "5.6"]
[White "Gentilleau, Jean Philippe"]
[Black "Bassolet, Gabin"]
[Result "1/2-1/2"]
[WhiteElo "2167"]
[BlackElo "1954"]
[PlyCount "95"]
[EventDate "2008.01.19"]

1. e4 c5 2. Nf3 d6 3. d4 cxd4 4. Qxd4 Nc6 5. Bb5 Bd7 6. Bxc6 bxc6 7. c4 h6 8.
Nc3 e5 9. Qd3 Nf6 10. O-O Be7 11. c5 Bg4 12. cxd6 Bxd6 13. Rd1 Bc7 14. Qc4 Bd7
15. Be3 O-O 16. Na4 Qc8 17. Nd2 Ng4 18. Bc5 Be6 19. Qc3 Re8 20. f3 Nf6 21. Bf2
Qa6 22. Nc5 Qa5 23. b4 Qb5 24. a4 Qb8 25. Na6 Qb7 26. Nxc7 Qxc7 27. Rac1 Red8
28. b5 c5 29. Qxc5 Qa5 30. Nf1 Rxd1 31. Rxd1 Qxa4 32. Rb1 Qa2 33. Rd1 Qb3 34.
Ra1 Qb2 35. Rd1 Qb3 36. Ne3 Rb8 37. Qxa7 Rxb5 38. Qc7 Qb2 39. Qd8+ Kh7 40. Qd3
Rb3 41. Qd2 Qa3 42. Qc1 Qa2 43. Qa1 Rd3 44. Qxa2 Rxd1+ 45. Nxd1 Bxa2 46. Nc3
Bc4 47. Nd1 h5 48. Bg3 1/2-1/2

[Event "Montpellier Diagonale-Monaco"]
[Site "L'Isle sur la Sorgue"]
[Date "2008.01.19"]
[Round "5.7"]
[White "Louche, Herve"]
[Black "Birens, Eric Andre"]
[Result "0-1"]
[WhiteElo "1809"]
[BlackElo "2052"]
[PlyCount "49"]
[EventDate "2008.01.19"]

1. e4 c5 2. d4 cxd4 3. Nf3 d6 4. Nxd4 Nf6 5. Nc3 a6 6. Bc4 e6 7. Bb3 Be7 8. O-O
O-O 9. Re1 b5 10. Qf3 Bb7 11. Qg3 Kh8 12. Bxe6 Nc6 13. Be3 Nxd4 14. Bxd4 fxe6
15. e5 dxe5 16. Bxe5 Qb6 17. Ne4 Bxe4 18. Rxe4 Rf7 19. Qf3 Raf8 20. Rf4 Qc5 21.
Bd4 Qxc2 22. g4 Qg6 23. Kh1 Nd5 24. Rxf7 Rxf7 25. Qg2 {suite illisible} 0-1

[Event "Montpellier Diagonale-Monaco"]
[Site "L'Isle sur la Sorgue"]
[Date "2008.01.19"]
[Round "5.8"]
[White "Lebel Arias, Julia"]
[Black "Weill, Melanie"]
[Result "1-0"]
[WhiteElo "1948"]
[BlackElo "1200"]
[PlyCount "63"]
[EventDate "2008.01.19"]

1. d4 d5 2. Nf3 Nf6 3. Bg5 Bf5 4. Nbd2 e6 5. e3 Be7 6. c3 O-O 7. h3 h6 8. Bf4
c5 9. Ne5 Nbd7 10. g4 Bh7 11. Bg2 Nxe5 12. dxe5 Nd7 13. e4 Nb6 14. O-O Qc7 15.
exd5 exd5 16. Bg3 Qd7 17. Re1 Rac8 18. f4 f6 19. exf6 Bxf6 20. f5 g6 21. fxg6
Bxg6 22. a4 Qg7 23. a5 Na8 24. Bxd5+ Kh8 25. Qb3 Rcd8 26. Rad1 Bc2 27. Qxc2
Rxd5 28. Nc4 Rxd1 29. Rxd1 Nc7 30. Bd6 Rc8 31. Qf5 Be7 32. Qxc8+ 1-0

[Event "Vitrolles-L'Isle sur la Sorgue"]
[Site "L'Isle sur la Sorgue"]
[Date "2008.01.20"]
[Round "6.1"]
[White "Midoux, Sebastien"]
[Black "Weill, Roland"]
[Result "1-0"]
[WhiteElo "2338"]
[BlackElo "2232"]
[PlyCount "86"]
[EventDate "2008.01.20"]

1. d4 d6 2. c4 e5 3. Nf3 e4 4. Ng5 Nf6 5. Nc3 Qe7 6. g3 h6 7. Nh3 g5 8. Bg2 Bg7
9. Ng1 Bf5 10. h4 g4 11. e3 O-O 12. Nge2 Na6 13. Rb1 c6 14. O-O Nc7 15. b4 d5
16. b5 cxb5 17. Nxb5 Nxb5 18. Rxb5 Qd7 19. Rb4 a5 20. Ra4 dxc4 21. Rxc4 b5 22.
Rc5 Rfc8 23. Rxc8+ Rxc8 24. Bd2 b4 25. Nc1 Bf8 26. Nb3 a4 27. Nc5 Bxc5 28. dxc5
Qb5 29. Qb1 b3 30. Bc3 Nd7 31. Bxe4 Rxc5 32. Bxf5 Rxf5 33. axb3 axb3 34. Qe4 h5
35. Ra1 b2 36. Bxb2 Rxf2 37. Ra8+ Nf8 38. Rxf8+ Kxf8 39. Ba3+ Kg8 40. Kxf2 Qb3
41. Bb4 Qb2+ 42. Ke1 Qh2 43. Qe8+ Kg7 1-0

[Event "Vitrolles-L'Isle sur la Sorgue"]
[Site "L'Isle sur la Sorgue"]
[Date "2008.01.20"]
[Round "6.2"]
[White "Dimitrov, Christo"]
[Black "Gaudineau, Eric"]
[Result "0-1"]
[WhiteElo "2286"]
[BlackElo "2334"]
[PlyCount "74"]
[EventDate "2008.01.20"]

1. Nf3 Nf6 2. c4 e6 3. b3 b6 4. Bb2 Bb7 5. e3 Be7 6. Be2 O-O 7. O-O d6 8. d3
Nbd7 9. Nbd2 Re8 10. Qc2 Bf8 11. Ne4 c5 12. Nfd2 d5 13. Nxf6+ Nxf6 14. Bf3 e5
15. e4 d4 16. g3 g6 17. Bg2 Bh6 18. Bc1 Re7 19. Re1 a5 20. a4 Nd7 21. Nb1 Qf8
22. Na3 Nb8 23. Bxh6 Qxh6 24. Qc1 Qxc1 25. Raxc1 Nc6 26. Nc2 Bc8 27. Bf1 Bd7
28. Kg2 f5 29. f3 Kg7 30. Be2 Rf8 31. Rf1 g5 32. g4 fxg4 33. fxg4 Rf4 34. h3
Ref7 35. Rxf4 exf4 36. Ne1 Kf6 37. Nf3 Be8 0-1

[Event "Vitrolles-L'Isle sur la Sorgue"]
[Site "L'Isle sur la Sorgue"]
[Date "2008.01.20"]
[Round "6.3"]
[White "Abello, Sebastien"]
[Black "Moncamp, Gilles"]
[Result "1-0"]
[WhiteElo "2275"]
[BlackElo "2223"]
[PlyCount "115"]
[EventDate "2008.01.20"]

1. d4 Nf6 2. c4 g6 3. Nc3 Bg7 4. e4 d6 5. f3 O-O 6. Be3 Nbd7 7. Nh3 c5 8. d5
Qa5 9. Nf2 Ne5 10. Be2 h5 11. h3 a6 12. f4 Ned7 13. a4 Ne8 14. Ra3 Qd8 15. g4
h4 16. O-O e5 17. f5 g5 18. Qd2 f6 19. a5 Rb8 20. Nd3 b5 21. axb6 Nxb6 22. b3
Rf7 23. Rfa1 Bf8 24. Bd1 Nc7 25. Qf2 Nd7 26. Na4 Na8 27. Bd2 Nab6 28. Ba5 Qe8
29. Nab2 Rg7 30. R3a2 Kh8 31. Bd2 Qd8 32. Bc2 Rf7 33. Nd1 Rg7 34. Ne3 Rf7 35.
Nf1 Rg7 36. Be3 Be7 37. Nd2 Bf8 38. Rb2 Qc7 39. Rab1 a5 40. Ra2 Ra8 41. Rba1
Be7 42. Nb2 Bd8 43. Nb1 Qb7 44. Bd2 a4 45. Nxa4 Nxa4 46. Rxa4 Rxa4 47. Rxa4 Nb6
48. Ra1 Qb8 49. Nc3 Ra7 50. Rxa7 Qxa7 51. Nb5 Qa2 52. Bc3 Be7 53. Qd2 Ba6 54.
Nc7 Bc8 55. Ba5 Nd7 56. Nb5 Qa1+ 57. Kg2 Bb7 58. Bc7 1-0

[Event "Vitrolles-L'Isle sur la Sorgue"]
[Site "L'Isle sur la Sorgue"]
[Date "2008.01.20"]
[Round "6.4"]
[White "Henry, Guillaume"]
[Black "Cherki, Thomas"]
[Result "1/2-1/2"]
[WhiteElo "2103"]
[BlackElo "2227"]
[PlyCount "59"]
[EventDate "2008.01.20"]

1. e4 Nf6 2. e5 Nd5 3. c4 Nb6 4. d4 d6 5. f4 dxe5 6. fxe5 Bf5 7. Nf3 e6 8. Be3
Be7 9. Bd3 Bxd3 10. Qxd3 c5 11. Nbd2 Nc6 12. Qe4 cxd4 13. Nxd4 Nxd4 14. Bxd4
Bb4 15. Be3 Qc7 16. O-O O-O 17. Rf4 Bc5 18. Re1 Rad8 19. Rh4 h6 20. Nf1 Rd7 21.
b4 Bxe3+ 22. Nxe3 Rfd8 23. c5 Nd5 24. Ng4 Ne7 25. Rxh6 gxh6 26. Nf6+ Kf8 27.
Qh7 Ng6 28. Qxh6+ Ke7 29. Qg5 Kf8 30. Qh6+ 1/2-1/2

[Event "Vitrolles-L'Isle sur la Sorgue"]
[Site "L'Isle sur la Sorgue"]
[Date "2008.01.20"]
[Round "6.5"]
[White "Montagard, Guillaume"]
[Black "Vanderbeeken, Mikael"]
[Result "1-0"]
[WhiteElo "2225"]
[BlackElo "2096"]
[PlyCount "67"]
[EventDate "2008.01.20"]

1. Nf3 Nf6 2. g3 d5 3. Bg2 c5 4. O-O Nc6 5. d3 e6 6. Nbd2 Be7 7. e4 O-O 8. Re1
b5 9. e5 Nd7 10. Nf1 a5 11. h4 a4 12. a3 Ba6 13. N1h2 b4 14. Bf4 bxa3 15. bxa3
Na5 16. Ng5 h6 17. Nh3 c4 18. d4 Qe8 19. g4 Rb8 20. g5 c3 21. gxh6 g6 22. h5
Kh8 23. Qf3 Nc4 24. Qxc3 gxh5 25. h7 Kxh7 26. Qf3 f6 27. exf6 Bxf6 28. Bxb8
Nxb8 29. Nf4 Nd2 30. Qc3 Ne4 31. Rxe4 dxe4 32. Bxe4+ Kh6 33. Bg6 Rg8 34. Ng4+
1-0

[Event "Vitrolles-L'Isle sur la Sorgue"]
[Site "L'Isle sur la Sorgue"]
[Date "2008.01.20"]
[Round "6.6"]
[White "Sibirko, Ivan"]
[Black "Peray, Sebastien"]
[Result "1-0"]
[WhiteElo "2073"]
[BlackElo "2167"]
[PlyCount "143"]
[EventDate "2008.01.20"]

1. d4 Nf6 2. c4 c5 3. d5 e5 4. Nc3 d6 5. e4 Be7 6. Bd3 Nbd7 7. Nge2 O-O 8. g4
Ne8 9. Be3 Bg5 10. Qd2 Bxe3 11. Qxe3 a6 12. Ng3 Rb8 13. a4 Qa5 14. Qc1 Nb6 15.
f3 Qb4 16. b3 Nd7 17. O-O Qa5 18. h4 Qd8 19. Kg2 f6 20. h5 Rf7 21. Rh1 Nf8 22.
Qe3 b6 23. Nf5 Bxf5 24. exf5 h6 25. Ne4 Nh7 26. Rhb1 Rfb7 27. Nc3 Nc7 28. Ra2
Ng5 29. Re2 Kh8 30. Rbe1 Qg8 31. Qd2 Nf7 32. Kg3 Ra7 33. Ra1 Nd8 34. Ne4 Qf8
35. f4 Nf7 36. Ree1 Re8 37. Nc3 Raa8 38. Ne2 Re7 39. fxe5 fxe5 40. Nc3 Ng5 41.
a5 Rb8 42. axb6 Rxb6 43. Bc2 Ne8 44. Na4 Rb4 45. Nc3 Rb6 46. Na4 Rb8 47. Nc3
Ra7 48. Re3 Nf6 49. Nb5 Raa8 50. Nc7 Rxb3 51. Kh4 Nf3+ 52. Rxf3 Rxf3 53. Qe2
Rc3 54. Rg1 Nh7 55. Ne6 Ng5 56. Rg3 Rxg3 57. Kxg3 Nxe6 58. dxe6 Qf6 59. Qe4 Re8
60. Ba4 Rb8 61. Qc6 Qg5 62. Qe4 Qf4+ 63. Qxf4 exf4+ 64. Kxf4 Kg8 65. g5 hxg5+
66. Kxg5 Kf8 67. f6 gxf6+ 68. Kxf6 d5 69. cxd5 c4 70. d6 c3 71. e7+ Kg8 72. d7
1-0

[Event "Vitrolles-L'Isle sur la Sorgue"]
[Site "L'Isle sur la Sorgue"]
[Date "2008.01.20"]
[Round "6.7"]
[White "Diaz, Franck"]
[Black "Lallement, Victor"]
[Result "1/2-1/2"]
[WhiteElo "2184"]
[BlackElo "2083"]
[PlyCount "91"]
[EventDate "2008.01.20"]

1. e4 c5 2. Nf3 d6 3. d4 cxd4 4. Nxd4 Nf6 5. Nc3 a6 6. Bg5 e6 7. f4 Nbd7 8. Bc4
b5 9. Bb3 Bb7 10. Qe2 b4 11. Na4 Qa5 12. Bxf6 Nxf6 13. O-O Bxe4 14. a3 bxa3 15.
Kh1 d5 16. f5 e5 17. Nc3 Bd6 18. Ba4+ Kf8 19. Nc6 Qc7 20. bxa3 Qc8 21. Rad1 h5
22. h4 Bxa3 23. Nxe4 Nxe4 24. Qd3 Bc5 25. Qxd5 Ng3+ 26. Kh2 Nxf1+ 27. Rxf1 Ba3
28. Nxe5 Ra7 29. Ng6+ Kg8 30. Nxh8 Qc7+ 31. Kh3 Kxh8 32. Qf3 Bf8 33. Qxh5+ Kg8
34. Bb3 Qe5 35. Qg4 Bd6 36. g3 Kf8 37. Rf2 Qe1 38. Qf3 Re7 39. Ba4 Kg8 40. Qa8+
Kh7 41. Qg2 Re3 42. Rf3 Re2 43. Qf1 Bxg3 44. Qxe1 Bxe1 45. Bb3 Re7 46. h5
1/2-1/2

[Event "Vitrolles-L'Isle sur la Sorgue"]
[Site "L'Isle sur la Sorgue"]
[Date "2008.01.20"]
[Round "6.8"]
[White "Dubois, Martine"]
[Black "Monteil, Aurelie"]
[Result "1-0"]
[WhiteElo "1995"]
[BlackElo "1690"]
[PlyCount "77"]
[EventDate "2008.01.20"]

1. e4 e5 2. Nf3 Nc6 3. Nc3 Bc5 4. Bc4 Nf6 5. d3 d6 6. h3 Be6 7. Nd5 h6 8. c3
O-O 9. b4 Bb6 10. a4 a5 11. Nxb6 cxb6 12. Bxe6 fxe6 13. b5 Nb8 14. Ba3 Qc7 15.
Qb3 Re8 16. O-O Nbd7 17. Rfe1 Rac8 18. Rac1 Nc5 19. Bxc5 Qxc5 20. Qd1 Qa3 21.
c4 Nh5 22. Re3 Qb4 23. Nxe5 dxe5 24. Qxh5 Qa3 25. Rce1 Qxa4 26. Rg3 Re7 27.
Qxe5 Qc2 28. Rxg7+ Rxg7 29. Qxe6+ Kh7 30. Qf5+ Kh8 31. Qxc8+ Kh7 32. Qf5+ Kh8
33. e5 Qd2 34. Re3 a4 35. e6 Qc1+ 36. Kh2 a3 37. e7 Qxe3 38. fxe3 Rxe7 39. Qf8+
1-0

[Event "Monaco-Montpellier II"]
[Site "L'Isle sur la Sorgue"]
[Date "2008.01.20"]
[Round "6.1"]
[White "Efimov, Igor"]
[Black "Anic, Darko"]
[Result "0-1"]
[WhiteElo "2468"]
[BlackElo "2448"]
[PlyCount "94"]
[EventDate "2008.01.20"]

1. Nf3 c6 2. g3 g6 3. Bg2 Bg7 4. O-O Nf6 5. d3 d5 6. Qe1 O-O 7. e4 dxe4 8. dxe4
Na6 9. e5 Nd5 10. Qe2 Bf5 11. Rd1 Qc8 12. a3 Bh3 13. Bh1 Bg4 14. c4 Ndc7 15.
Re1 f6 16. Qe3 Qf5 17. Nbd2 Ne6 18. b4 fxe5 19. Nh4 Qf7 20. Bb2 Bh6 21. f4 exf4
22. Qe4 fxg3 23. Ndf3 gxh2+ 24. Kxh2 Qf4+ 25. Kg1 Qxe4 26. Rxe4 Rf4 27. Rae1
Rxe4 28. Rxe4 Bf4 29. Nh2 Bh3 30. Bg2 Bxg2 31. Rxe6 Kf7 32. Re2 Bh3 33. Rf2 g5
34. Be5 Rg8 35. Kh1 Ke8 36. Bxf4 gxf4 37. Rxf4 Nc7 38. Rf3 Be6 39. Rc3 b5 40.
cxb5 Nxb5 41. Rd3 Bc4 42. Re3 Bd5+ 43. N2f3 Nd4 44. Kh2 Nxf3+ 45. Nxf3 Kd7 46.
Ne5+ Kd6 47. Nd3 Rg5 0-1

[Event "Monaco-Montpellier II"]
[Site "L'Isle sur la Sorgue"]
[Date "2008.01.20"]
[Round "6.2"]
[White "Touzane, Olivier"]
[Black "Rombaldoni, Denis"]
[Result "1-0"]
[WhiteElo "2326"]
[BlackElo "2404"]
[PlyCount "99"]
[EventDate "2008.01.20"]

1. d4 Nf6 2. Nf3 e6 3. c4 b6 4. a3 d5 5. cxd5 exd5 6. Bg5 Bd6 7. Nc3 c6 8. e3
O-O 9. Bd3 Nbd7 10. O-O Bb7 11. b4 a5 12. Rb1 axb4 13. axb4 Ra3 14. Qc2 Qa8 15.
Qb2 Qa7 16. Ne1 b5 17. f3 Ra8 18. Nc2 Ra6 19. e4 dxe4 20. fxe4 Be5 21. Ne2 Ra2
22. Qb3 Bc7 23. Nc3 Rxc2 24. Bxc2 Qxd4+ 25. Kh1 Be5 26. Rf3 Nf8 27. Rd1 Qc4 28.
Qxc4 bxc4 29. Bf4 Ng6 30. Bxe5 Nxe5 31. Rff1 Kf8 32. Ra1 Rb8 33. Ra7 Bc8 34.
Rfa1 Be6 35. Ra8 Rxa8 36. Rxa8+ Ke7 37. Kg1 Kd6 38. h3 Nh5 39. Rh8 h6 40. Kf2
Nf4 41. Rh7 g6 42. Rxh6 Nfd3+ 43. Bxd3 Nxd3+ 44. Ke3 Nxb4 45. h4 Nd3 46. h5 Ne5
47. Rh8 Ng4+ 48. Kf4 gxh5 49. Rxh5 Nf6 50. e5+ 1-0

[Event "Monaco-Montpellier II"]
[Site "L'Isle sur la Sorgue"]
[Date "2008.01.20"]
[Round "6.3"]
[White "Roussiere, Christophe"]
[Black "Ouakhir, Mehdi"]
[Result "1/2-1/2"]
[WhiteElo "2127"]
[BlackElo "2228"]
[PlyCount "66"]
[EventDate "2008.01.20"]

1. e4 e5 2. Nf3 Nc6 3. Bb5 d6 4. d3 Bd7 5. c3 Nf6 6. O-O g6 7. Re1 Bg7 8. Nbd2
O-O 9. Nf1 Nh5 10. d4 Nxd4 11. Nxd4 exd4 12. c4 Bxb5 13. cxb5 Qd7 14. Qb3 Kh8
15. Bd2 f5 16. Rac1 fxe4 17. Rxe4 d5 18. Re2 Rae8 19. Rce1 Rxe2 20. Rxe2 c5 21.
bxc6 bxc6 22. Qa3 Qf5 23. f3 d3 24. Re7 Bd4+ 25. Kh1 Nf4 26. Ne3 Qf6 27. Ng4
Qh4 28. Rxh7+ Kxh7 29. Qxf8 Ne2 30. Qf7+ Kh8 31. Qf8+ Kh7 32. Qf7+ Kh8 33. Qf8+
Kh7 1/2-1/2

[Event "Monaco-Montpellier II"]
[Site "L'Isle sur la Sorgue"]
[Date "2008.01.20"]
[Round "6.4"]
[White "Hamdouchi, Adina Maria"]
[Black "Van Hoolandt, Patrick"]
[Result "1-0"]
[WhiteElo "2288"]
[BlackElo "2216"]
[PlyCount "72"]
[EventDate "2008.01.20"]

1. d4 Nf6 2. Nf3 e6 3. g3 b5 4. Bg2 Bb7 5. O-O c5 6. c3 Na6 7. Bg5 Be7 8. Nbd2
cxd4 9. cxd4 O-O 10. a3 d6 11. Qb3 Qd7 12. Rfd1 Rab8 13. Bxf6 Bxf6 14. e4 g6
15. Qe3 Bg7 16. e5 Bd5 17. h4 Nc7 18. Rac1 h6 19. h5 gxh5 20. Qf4 f6 21. exd6
Ne8 22. Ne4 Bxe4 23. Qxe4 Nxd6 24. Qe2 Nc4 25. Nh4 f5 26. b3 Na5 27. Rd3 b4 28.
a4 Rbc8 29. Rcd1 Rc3 30. d5 e5 31. Rxc3 bxc3 32. Ng6 Re8 33. d6 e4 34. Ne7+ Kh7
35. Bh3 Rf8 36. Ng6 Rf7 {suite illisible} 1-0

[Event "Monaco-Montpellier II"]
[Site "L'Isle sur la Sorgue"]
[Date "2008.01.20"]
[Round "6.6"]
[White "Flear, Christine"]
[Black "Gentilleau, Jean Philippe"]
[Result "1-0"]
[WhiteElo "2161"]
[BlackElo "2167"]
[PlyCount "87"]
[EventDate "2008.01.20"]

1. d4 Nf6 2. c4 g6 3. Nc3 Bg7 4. e4 d6 5. Bg5 O-O 6. Qd2 c6 7. Nge2 Nbd7 8. Ng3
e5 9. d5 cxd5 10. cxd5 a6 11. Be2 b5 12. O-O b4 13. Na4 Rb8 14. b3 Qa5 15. Rfc1
Bb7 16. Rc4 Ba8 17. Rac1 Rfe8 18. Rc7 Nb6 19. Ra7 Bb7 20. Nxb6 Qxb6 21. Be3 Qa5
22. Bxa6 Bxa6 23. Rc6 Ra8 24. Rcxa6 Rxa7 25. Rxa7 Qb5 26. Ra4 Rb8 27. Qc2 h5
28. h3 h4 29. Nf1 Nh5 30. Ra7 Nf4 31. Qc7 Rf8 32. Qxd6 Ne2+ 33. Kh2 Nc3 34. Nd2
Qe2 35. Qxb4 Nd1 36. Qc4 Qh5 37. Bc5 Rc8 38. d6 g5 39. d7 Rd8 40. Bb6 g4 41.
hxg4 Qxg4 42. Qd3 Bh6 43. Qf3 Bf4+ 44. Kg1 1-0

[Event "Monaco-Montpellier II"]
[Site "L'Isle sur la Sorgue"]
[Date "2008.01.20"]
[Round "6.7"]
[White "Birens, Eric Andre"]
[Black "Guennoun, Anthony"]
[Result "0-1"]
[WhiteElo "2052"]
[BlackElo "2163"]
[PlyCount "56"]
[EventDate "2008.01.20"]

1. d4 d5 2. c4 c6 3. Nf3 Nf6 4. Nc3 dxc4 5. e4 b5 6. e5 Nd5 7. a4 h6 8. axb5
Nxc3 9. bxc3 cxb5 10. Be2 e6 11. O-O Bb7 12. Rb1 Qd7 13. Nd2 Be7 14. Bf3 Bd5
15. Ne4 O-O 16. Nd6 Bxd6 17. Bxd5 exd5 18. exd6 a6 19. Bf4 Qf5 20. Bg3 Nc6 21.
Qc1 Na5 22. Re1 Nb3 23. Qd1 Rfe8 24. Re5 Rxe5 25. Bxe5 Nc5 26. Ra1 Nd3 27. Qe2
a5 28. Qe3 Ra6 {suite illisible} 0-1

[Event "Monaco-Montpellier II"]
[Site "L'Isle sur la Sorgue"]
[Date "2008.01.20"]
[Round "6.8"]
[White "Buscara, Sevan"]
[Black "Lebel Arias, Julia"]
[Result "1-0"]
[WhiteElo "2126"]
[BlackElo "1948"]
[PlyCount "55"]
[EventDate "2008.01.20"]

1. d4 g6 2. Nf3 Bg7 3. Bf4 d6 4. e3 c6 5. Be2 Nd7 6. O-O Ngf6 7. h3 O-O 8. c4
Re8 9. Nc3 e5 10. Bh2 exd4 11. exd4 Bf8 12. b4 Ne4 13. Nxe4 Rxe4 14. Bd3 Re8
15. Qc2 a5 16. a3 axb4 17. axb4 Rxa1 18. Rxa1 Qf6 19. Rd1 c5 20. Bf1 b6 21. Qa4
cxd4 22. Nxd4 Re4 23. Nb5 Ne5 24. Qa8 Bf5 25. Nxd6 Nf3+ 26. gxf3 Rd4 27. Rxd4
Qxd4 28. Qd5 1-0